00354nam a2200133Ia 4500008004100000020001500041041001200056082001600068100001600084245005400100260003900154300000800193650001900201221030s9999 xx 000 0 und d a8173191891 aEnglish a105.23bDos aJ. B. Doshi 0aAnalytical Methods in Engineeringcby J. B. Doshi bNarosa Pub. HouseaNew Delhic1998 a271 aBE Mathematics